[Event "Landesklasse West 2015/2016"]
[Site "?"]
[Date "2016.03.13"]
[Round "7"]
[White "Hocke, Sebastian"]
[Black "Geißhirt, Marco"]
[Result "1-0"]
[WhiteElo "2043"]
[BlackElo "1943"]
[PlyCount "71"]
[EventDate "2016.??.??"]
[WhiteTeam "ESV Lok Meiningen"]
[BlackTeam "SG Barchfeld/Breitungen"]

1. e4 e5 2. Nf3 Nc6 3. Bb5 a6 4. Ba4 Nf6 5. O-O b5 6. Bb3 Be7 7. Re1 O-O 8. c3
d5 9. exd5 Nxd5 10. Nxe5 Nxe5 11. Rxe5 c6 12. d3 Bd6 13. Re1 Bf5 14. Qf3 Qh4
15. h3 Rfe8 16. Rxe8+ Rxe8 17. Bd2 Nf4 18. Na3 g5 19. Bxf4 Bxf4 20. Nc2 Bg6 21.
Qxc6 Re2 22. Rf1 g4 23. Nd4 Rxb2 24. Qe8+ Kg7 25. Nf5+ Bxf5 26. Qxf7+ Kh6 27.
Qxf5 gxh3 28. Qf8+ Kh5 29. Bf7+ Kg4 30. Qc8+ Kg5 31. Qd8+ Kg4 32. Qd7+ Kg5 33.
Qe7+ Kg4 34. f3+ Kg3 35. Qe1+ Rf2 36. Qxf2# 1-0

[Event "Landesklasse West 2015/2016"]
[Site "?"]
[Date "2016.03.13"]
[Round "7"]
[White "Rommel, Uwe"]
[Black "Grube, Jan"]
[Result "1-0"]
[WhiteElo "1869"]
[BlackElo "1812"]
[PlyCount "67"]
[EventDate "2016.??.??"]
[WhiteTeam "SG Barchfeld/Breitungen"]
[BlackTeam "ESV Lok Meiningen"]

1. e4 c5 2. Nf3 Nc6 3. d4 cxd4 4. Nxd4 g6 5. Nc3 Bg7 6. Nb3 d6 7. Be2 Nf6 8.
O-O O-O 9. Bg5 b6 10. Qd2 Bb7 11. Bh6 Ne5 12. Bxg7 Kxg7 13. f4 Ned7 14. Bf3 Rb8
15. Rae1 Nc5 16. Nd4 Qc8 17. e5 dxe5 18. fxe5 Ng8 19. Bxb7 Rxb7 20. Ne4 h6 21.
c3 f5 22. exf6+ Kh7 23. Nxc5 Qxc5 24. fxe7 Rxf1+ 25. Rxf1 Qxe7 26. Qf2 h5 27.
h3 Nh6 28. Re1 Qd6 29. Re6 Qd5 30. Qf6 Rg7 31. Re5 Qxa2 32. Ne6 Qb1+ 33. Kh2
Rf7 34. Ng5+ 1-0

[Event "Landesklasse West 2015/2016"]
[Site "?"]
[Date "2016.03.13"]
[Round "7"]
[White "Holland-Cunz, Dietrich"]
[Black "Reum, Lutz"]
[Result "1-0"]
[WhiteElo "1788"]
[BlackElo "1796"]
[PlyCount "63"]
[EventDate "2016.??.??"]
[WhiteTeam "ESV Lok Meiningen"]
[BlackTeam "SG Barchfeld/Breitungen"]

1. d4 Nf6 2. Nf3 e6 3. g3 c6 4. Bg2 d5 5. O-O Bd6 6. c4 Nbd7 7. Nfd2 O-O 8. Nc3
Re8 9. e4 dxe4 10. Ndxe4 Be7 11. Bf4 Nxe4 12. Nxe4 Nf6 13. Re1 Nxe4 14. Bxe4
Bf6 15. Be5 Bxe5 16. dxe5 Qb6 17. Qc2 g6 18. Rad1 Qc7 19. c5 Bd7 20. Rd6 Red8
21. h4 Be8 22. Red1 Rxd6 23. cxd6 Qd7 24. h5 Rd8 25. Qc1 f5 26. exf6 Qf7 27.
hxg6 hxg6 28. Qg5 Rd7 29. Kg2 Kf8 30. Rh1 Qg8 31. Rh6 Rh7 32. Bxg6 1-0

[Event "Landesklasse West 2015/2016"]
[Site "?"]
[Date "2016.03.13"]
[Round "7"]
[White "Schmidt, Kevin"]
[Black "Latka, Vera"]
[Result "1-0"]
[WhiteElo "1584"]
[BlackElo "1754"]
[PlyCount "49"]
[EventDate "2016.??.??"]
[WhiteTeam "SG Barchfeld/Breitungen"]
[BlackTeam "ESV Lok Meiningen"]

1. d4 Nf6 2. c4 g6 3. Nc3 d5 4. Bg5 dxc4 5. e4 Bg7 6. Bxc4 O-O 7. h3 Nc6 8. Nf3
Nd7 9. d5 Nce5 10. Bb3 h6 11. Bh4 Nxf3+ 12. Qxf3 Ne5 13. Qe3 g5 14. Bg3 Ng6 15.
O-O c6 16. Rfd1 Qa5 17. d6 exd6 18. Rxd6 Kh7 19. Rad1 f5 20. exf5 Bxf5 21. Ne4
Rae8 22. Nxg5+ hxg5 23. Qxg5 Bh6 24. Rd7+ Bxd7 25. Rxd7+ 1-0

[Event "Landesklasse West 2015/2016"]
[Site "?"]
[Date "2016.03.13"]
[Round "7"]
[White "Abe, Rico"]
[Black "Grundei, Hans-Jürgen"]
[Result "1-0"]
[WhiteElo "1651"]
[BlackElo "1383"]
[PlyCount "65"]
[EventDate "2016.??.??"]
[WhiteTeam "SG Barchfeld/Breitungen"]
[BlackTeam "ESV Lok Meiningen"]

1. e4 e6 2. d4 d6 3. Nf3 Nd7 4. Nc3 Be7 5. h3 c6 6. b3 b5 7. Bb2 Qc7 8. Ne2 Bf6
9. Ng3 g6 10. Bd3 Ne7 11. Qd2 Bb7 12. O-O O-O 13. h4 e5 14. c3 Bg7 15. Rfd1
Rad8 16. a4 a6 17. axb5 axb5 18. Ba3 Nf6 19. Bb4 Ra8 20. Bc2 Rxa1 21. Rxa1 Ra8
22. Rxa8+ Bxa8 23. dxe5 dxe5 24. Qd6 Qa7 25. Qxe7 Qa1+ 26. Nf1 c5 27. Qd8+ Bf8
28. Bxc5 Nd7 29. Bxf8 Nxf8 30. Nxe5 Kg7 31. Qe8 Kf6 32. Ng4+ Kg7 33. Qe5+ 1-0

[Event "Landesklasse West 2015/2016"]
[Site "?"]
[Date "2016.03.13"]
[Round "7"]
[White "Grube, Joachim"]
[Black "Heß, Wolfgang"]
[Result "1/2-1/2"]
[WhiteElo "1497"]
[BlackElo "1717"]
[PlyCount "42"]
[EventDate "2016.??.??"]
[WhiteTeam "ESV Lok Meiningen"]
[BlackTeam "SG Barchfeld/Breitungen"]

1. c4 e5 2. d3 Nf6 3. Nc3 h6 4. Nf3 Nc6 5. Bd2 Be7 6. e3 d6 7. Be2 O-O 8. O-O
Bg4 9. Rc1 Re8 10. Nd5 Bf8 11. b4 a6 12. Nxf6+ Qxf6 13. Bc3 Qe7 14. Nd2 Bxe2
15. Qxe2 g6 16. e4 Bg7 17. a3 g5 18. Qg4 Nd8 19. g3 Ne6 20. Nf3 f6 21. Kg2 Qf7
1/2-1/2

[Event "Landesklasse West 2015/2016"]
[Site "?"]
[Date "2016.03.13"]
[Round "7"]
[White "Theer, Tino"]
[Black "Grube, Paul"]
[Result "1-0"]
[WhiteElo "1714"]
[BlackElo "932"]
[PlyCount "53"]
[EventDate "2016.??.??"]
[WhiteTeam "SG Barchfeld/Breitungen"]
[BlackTeam "ESV Lok Meiningen"]

1. d4 d5 2. c4 Nf6 3. cxd5 Qxd5 4. Nc3 Qa5 5. Bd2 e6 6. e3 Bb4 7. a3 Bxc3 8.
Bxc3 Qd5 9. b4 O-O 10. Nf3 b6 11. Ne5 Nbd7 12. Nxd7 Qxd7 13. f3 Nd5 14. Bd2 Bb7
15. Be2 Rac8 16. Rc1 c6 17. O-O Rc7 18. e4 Nf6 19. Be3 Rfc8 20. Bf4 Rd8 21.
Bxc7 Qxc7 22. Qc2 Rxd4 23. Rfd1 Qd6 24. Qc3 Rxd1+ 25. Rxd1 Qf4 26. Rd8+ Ne8 27.
Rxe8# 1-0

[Event "Landesklasse West 2015/2016"]
[Site "?"]
[Date "2016.03.13"]
[Round "7"]
[White "Kuntze, Andreas"]
[Black "Petiko, Nikolai"]
[Result "1/2-1/2"]
[WhiteElo "2006"]
[BlackElo "1962"]
[PlyCount "86"]
[EventDate "2016.??.??"]
[WhiteTeam "Schachclub Rochade Leinefelde"]
[BlackTeam "SV Breitenworbis"]

1. e4 e5 2. Nf3 Nc6 3. Bc4 d6 4. c3 Qe7 5. d3 h6 6. Nbd2 g6 7. Nf1 Bg7 8. Ng3
Nf6 9. h3 O-O 10. O-O Be6 11. Bb5 a6 12. Ba4 b5 13. Bc2 d5 14. Be3 Rfd8 15. Qc1
Kh7 16. Re1 dxe4 17. dxe4 Nd7 18. Nf5 Qf8 19. Nxg7 Qxg7 20. Nh4 Ne7 21. Kh2 Qf6
22. Bxh6 Qxh4 23. Bg5 Qxf2 24. Bxe7 Re8 25. Rf1 Qe2 26. Bh4 Kg7 27. Rf2 Qh5 28.
Qg5 Qxg5 29. Bxg5 f6 30. Be3 Rad8 31. a4 Rb8 32. axb5 axb5 33. Ra7 Rec8 34. Bd3
Kf7 35. g4 Ke7 36. Kg3 g5 37. Rh2 Kd6 38. Ra6+ c6 39. b4 Kc7 40. Rf2 Rb7 41.
Rf1 Rd8 42. Be2 Bb3 43. Rc1 Nb6 1/2-1/2

[Event "Landesklasse West 2015/2016"]
[Site "?"]
[Date "2016.03.13"]
[Round "7"]
[White "Gast, Rainer"]
[Black "Kachel, Alfred"]
[Result "1/2-1/2"]
[WhiteElo "1839"]
[BlackElo "1953"]
[PlyCount "36"]
[EventDate "2016.??.??"]
[WhiteTeam "SV Breitenworbis"]
[BlackTeam "Schachclub Rochade Leinefelde"]

1. d4 Nf6 2. c4 e6 3. Nc3 Bb4 4. e3 b6 5. Bd3 Bb7 6. f3 Bxc3+ 7. bxc3 d6 8. Ne2
Nbd7 9. O-O e5 10. e4 Qe7 11. Be3 h6 12. Rb1 Nh7 13. Ng3 g6 14. Qa4 c5 15. d5
Ng5 16. Rbe1 f6 17. Ne2 Nf7 18. g3 Kd8 1/2-1/2

[Event "Landesklasse West 2015/2016"]
[Site "?"]
[Date "2016.03.13"]
[Round "7"]
[White "Frank, Thomas"]
[Black "Bötticher, Heinz-Wilfried"]
[Result "0-1"]
[WhiteElo "1883"]
[BlackElo "1819"]
[PlyCount "102"]
[EventDate "2016.??.??"]
[WhiteTeam "Schachclub Rochade Leinefelde"]
[BlackTeam "SV Breitenworbis"]

1. d4 d5 2. c4 e6 3. Nc3 Nf6 4. cxd5 exd5 5. Bf4 c5 6. Nf3 Nc6 7. e3 Bg4 8. Be2
Rc8 9. h3 cxd4 10. Nxd4 Bxe2 11. Ndxe2 Bb4 12. O-O O-O 13. Bg5 Bxc3 14. Nxc3 d4
15. Ne4 dxe3 16. Nxf6+ gxf6 17. Bxe3 Qxd1 18. Rfxd1 Rfd8 19. Rac1 Kg7 20. a3 a6
21. Bb6 Rxd1+ 22. Rxd1 Ne5 23. Bd4 Rd8 24. Rd2 Kg6 25. Bc3 Rxd2 26. Bxd2 Kf5
27. Kf1 Ke4 28. Ke2 f5 29. Bc3 Ng6 30. g3 f4 31. b3 fxg3 32. fxg3 f5 33. h4 f4
34. h5 f3+ 35. Kf2 Ne7 36. Bd2 Nd5 37. g4 Nf4 38. h6 Nd3+ 39. Kg3 f2 40. Kg2
Ke5 41. Be3 Kf6 42. Bd2 Kg6 43. Kf1 Ne5 44. g5 Nf3 45. Bf4 Nxg5 46. Kxf2 Nh3+
47. Kg3 Nxf4 48. Kxf4 Kxh6 49. Kf5 Kg7 50. Kg5 Kf7 51. Kh6 Ke6 0-1

[Event "Landesklasse West 2015/2016"]
[Site "?"]
[Date "2016.03.13"]
[Round "7"]
[White "Hellrung, Bernhard"]
[Black "Pfitzenreuter, Gerald"]
[Result "1/2-1/2"]
[WhiteElo "1865"]
[BlackElo "1865"]
[PlyCount "51"]
[EventDate "2016.??.??"]
[WhiteTeam "SV Breitenworbis"]
[BlackTeam "Schachclub Rochade Leinefelde"]

1. e4 c5 2. c3 d5 3. exd5 Qxd5 4. d4 cxd4 5. cxd4 Nc6 6. Nf3 e5 7. Nc3 Bb4 8.
Bd2 Bxc3 9. Bxc3 e4 10. Ne5 Nxe5 11. dxe5 Ne7 12. Qa4+ Bd7 13. Qa3 Nc6 14. Rd1
Qe6 15. Qc5 Qe7 16. Rd6 Rc8 17. Qd5 Bf5 18. Bb5 O-O 19. O-O Rfd8 20. Rd1 Rxd6
21. exd6 Qd7 22. Qd2 a6 23. Bxc6 Rxc6 24. Qg5 Bg6 25. Qe7 Bf5 26. h3 1/2-1/2

[Event "Landesklasse West 2015/2016"]
[Site "?"]
[Date "2016.03.13"]
[Round "7"]
[White "Seeboth, Paul"]
[Black "Petiko, Jakob"]
[Result "0-1"]
[WhiteElo "1807"]
[BlackElo "1920"]
[PlyCount "72"]
[EventDate "2016.??.??"]
[WhiteTeam "Schachclub Rochade Leinefelde"]
[BlackTeam "SV Breitenworbis"]

1. d4 Nf6 2. c4 d6 3. Nc3 Nbd7 4. e3 e5 5. Qc2 c6 6. Nf3 g6 7. Be2 Bg7 8. O-O
O-O 9. dxe5 dxe5 10. b3 Qc7 11. Ba3 Re8 12. Rad1 Qa5 13. Bd6 e4 14. b4 Qf5 15.
Nh4 Qe6 16. Bc7 Bf8 17. Bf4 h6 18. Nxg6 fxg6 19. c5 Kh7 20. f3 exf3 21. Rxf3
Ne5 22. Rg3 Qf5 23. Qc1 g5 24. Bxe5 Qxe5 25. Bd3+ Bf5 26. Qc2 Bxd3 27. Qxd3+
Kg7 28. Ne2 Rad8 29. Nd4 Qe4 30. Qf1 Nd5 31. Nf5+ Kg6 32. Rd4 Qxf5 33. Rf3 Qe5
34. Qd3+ Kg7 35. e4 Nf4 36. Rxd8 Nxd3 0-1

[Event "Landesklasse West 2015/2016"]
[Site "?"]
[Date "2016.03.13"]
[Round "7"]
[White "Vergin, Marcel"]
[Black "Löffelholz, Christian"]
[Result "0-1"]
[WhiteElo "1811"]
[BlackElo "1642"]
[PlyCount "74"]
[EventDate "2016.??.??"]
[WhiteTeam "SV Breitenworbis"]
[BlackTeam "Schachclub Rochade Leinefelde"]

1. d4 Nf6 2. Nf3 g6 3. b4 Bg7 4. e3 O-O 5. Be2 d6 6. Bb2 a6 7. c4 Nbd7 8. O-O
b6 9. b5 Bb7 10. Nbd2 c5 11. bxc6 Bxc6 12. a4 Qc7 13. d5 Bb7 14. Nd4 Nc5 15.
N2b3 Nfd7 16. a5 Nxb3 17. Qxb3 bxa5 18. Qa4 Rfc8 19. Qxa5 Qxa5 20. Rxa5 Nb6 21.
Rc1 Rc5 22. Ra2 Rac8 23. Ba3 R5c7 24. Rac2 Bxd4 25. exd4 Nxd5 26. c5 Nf4 27.
Bf1 Ne6 28. Rc4 dxc5 29. dxc5 Bc6 30. Rb4 a5 31. Rb6 a4 32. Ba6 Rd8 33. Bb2 f6
34. Bc4 Bd5 35. Bxd5 Rxd5 36. Rxe6 Rcxc5 37. Rxc5 Rd1+ 0-1

[Event "Landesklasse West 2015/2016"]
[Site "?"]
[Date "2016.03.13"]
[Round "7"]
[White "Meysing, Gerhard"]
[Black "Leibeling, Lucian"]
[Result "0-1"]
[WhiteElo "1487"]
[BlackElo "1830"]
[PlyCount "43"]
[EventDate "2016.??.??"]
[WhiteTeam "Schachclub Rochade Leinefelde"]
[BlackTeam "SV Breitenworbis"]

1. e4 c5 2. Nf3 d6 3. Nc3 Nc6 4. d4 cxd4 5. Nxd4 Nf6 6. Bb5 Bd7 7. O-O g6 8.
Nxc6 Bxc6 9. Bxc6+ bxc6 10. Re1 Bg7 11. Rb1 O-O 12. Qf3 e6 13. e5 Nd5 14. Nxd5
cxd5 15. exd6 Qxd6 16. b3 Rac8 17. Qd1 Qc5 18. Re2 Rc6 19. Bb2 Bxb2 20. Rxb2
Qc3 21. Rb1 Rfc8 22. Qd3 0-1

[Event "Landesklasse West 2015/2016"]
[Site "?"]
[Date "2016.03.13"]
[Round "7"]
[White "Biel, Peter"]
[Black "Stöber, Guido"]
[Result "1/2-1/2"]
[WhiteElo "1666"]
[BlackElo "1318"]
[PlyCount "89"]
[EventDate "2016.??.??"]
[WhiteTeam "SV Breitenworbis"]
[BlackTeam "Schachclub Rochade Leinefelde"]

1. e4 c5 2. Nf3 d6 3. d4 cxd4 4. Nxd4 Nf6 5. Nc3 Bd7 6. Bd3 Nc6 7. Nxc6 Bxc6 8.
O-O e6 9. Qe2 Be7 10. Bb5 Rc8 11. Bxc6+ Rxc6 12. e5 dxe5 13. Qxe5 O-O 14. Qe2
a6 15. Ne4 Qc7 16. Nxf6+ Bxf6 17. c3 Rd8 18. Be3 Be5 19. g3 Rcd6 20. Rad1 Qd7
21. Rxd6 Qxd6 22. Rc1 Qd3 23. Rc2 Qd1+ 24. Qxd1 Rxd1+ 25. Kg2 g6 26. Rd2 Rxd2
27. Bxd2 f6 28. f4 Bc7 29. c4 a5 30. Kf3 Kf7 31. Ke4 Bb6 32. c5 Bxc5 33. Bxa5
h5 34. h3 Bf2 35. g4 hxg4 36. hxg4 Bh4 37. Bb4 f5+ 38. gxf5 gxf5+ 39. Kd3 Bg3
40. Bd6 Ke8 41. Kc4 Kd7 42. Be5 Kc6 43. a4 b6 44. b4 Be1 45. Bb8 1/2-1/2

[Event "Landesklasse West 2015/2016"]
[Site "?"]
[Date "2016.03.13"]
[Round "7"]
[White "Thon, Philipp"]
[Black "Klingler, Lutz"]
[Result "1/2-1/2"]
[WhiteElo "1840"]
[BlackElo "1933"]
[PlyCount "85"]
[EventDate "2016.??.??"]
[WhiteTeam "SV Ammern"]
[BlackTeam "SV Schmalkalden 04"]

1. e4 g6 2. d4 Bg7 3. Nf3 d6 4. Nc3 a6 5. a4 Bg4 6. Bc4 e6 7. Be3 Nc6 8. Be2
Nge7 9. O-O d5 10. exd5 exd5 11. h3 Bf5 12. Na2 h6 13. b4 O-O 14. Qd2 Kh7 15.
Nc1 Qd6 16. c3 g5 17. Nd3 Ng6 18. Nc5 Rab8 19. b5 axb5 20. axb5 Nce7 21. Ra7 b6
22. Na6 Rbc8 23. Ra1 Kh8 24. Nb4 Bf6 25. Bd3 Rg8 26. Qc2 Bxd3 27. Qxd3 Nf4 28.
Bxf4 Qxf4 29. Re1 Qd6 30. Ne5 Bxe5 31. dxe5 Qe6 32. Kh2 g4 33. h4 Rg7 34. g3
Ng6 35. Qxd5 Qf5 36. Kg1 Rcg8 37. Qe4 Qh5 38. Re3 Nxh4 39. gxh4 g3 40. Rxg3
Rxg3+ 41. fxg3 Rxg3+ 42. Kf2 Rg4 43. Qa8+ 1/2-1/2

[Event "Landesklasse West 2015/2016"]
[Site "?"]
[Date "2016.03.13"]
[Round "7"]
[White "Lesser, Thomas"]
[Black "Schorch, Rüdiger"]
[Result "1/2-1/2"]
[WhiteElo "1856"]
[BlackElo "1945"]
[PlyCount "27"]
[EventDate "2016.??.??"]
[WhiteTeam "SV Schmalkalden 04"]
[BlackTeam "SV Ammern"]

1. e4 c5 2. c3 Nf6 3. e5 Nd5 4. Nf3 e6 5. d4 cxd4 6. cxd4 d6 7. Be2 Bd7 8. O-O
Bc6 9. Nc3 Nd7 10. Nxd5 Bxd5 11. Bg5 Be7 12. Bxe7 Qxe7 13. Qa4 O-O 14. Qa3
1/2-1/2

[Event "Landesklasse West 2015/2016"]
[Site "?"]
[Date "2016.03.13"]
[Round "7"]
[White "Wegerich, Michael"]
[Black "Bamberg, Alexander"]
[Result "1-0"]
[WhiteElo "1950"]
[BlackElo "1865"]
[PlyCount "85"]
[EventDate "2016.??.??"]
[WhiteTeam "SV Ammern"]
[BlackTeam "SV Schmalkalden 04"]

1. Nf3 d5 2. d4 Nf6 3. Bf4 e6 4. e3 Bd6 5. Bg3 Bxg3 6. hxg3 c5 7. Nbd2 Qa5 8.
c3 cxd4 9. Nb3 Qb6 10. exd4 Bd7 11. Bd3 Bb5 12. Qe2 Bxd3 13. Qxd3 Nbd7 14. Ng5
h6 15. O-O-O Rf8 16. Nh7 Rh8 17. Nxf6+ Nxf6 18. f3 O-O-O 19. g4 Nd7 20. Rde1
Qd6 21. Kb1 b6 22. Qa6+ Kb8 23. Rc1 Rc8 24. Rh5 Qc7 25. Rch1 Nf6 26. R5h3 Rhe8
27. Qd3 Qc4 28. Qe3 a5 29. Nc1 b5 30. g5 hxg5 31. Qxg5 Rg8 32. Qe5+ Kb7 33. Nb3
Kb6 34. Nc5 Rgd8 35. g4 Nd7 36. Qd6+ Rc6 37. Nxd7+ Ka7 38. Qe7 Rxd7 39. Qxd7+
Rc7 40. Qd8 b4 41. Rh8 bxc3 42. Qa8+ Kb6 43. Rb8+ 1-0

[Event "Landesklasse West 2015/2016"]
[Site "?"]
[Date "2016.03.13"]
[Round "7"]
[White "Burkhardt, Christian"]
[Black "Kampfhenkel, Ulrich"]
[Result "1/2-1/2"]
[WhiteElo "1671"]
[BlackElo "1862"]
[PlyCount "29"]
[EventDate "2016.??.??"]
[WhiteTeam "SV Schmalkalden 04"]
[BlackTeam "SV Ammern"]

1. d4 Nf6 2. c4 e6 3. Nf3 b6 4. a3 Bb7 5. Nc3 Be7 6. e3 O-O 7. Bd3 d5 8. cxd5
exd5 9. Qe2 Ne4 10. O-O Nd7 11. Nd2 f5 12. f3 Nxc3 13. bxc3 Bd6 14. f4 c5 15.
Nf3 1/2-1/2

[Event "Landesklasse West 2015/2016"]
[Site "?"]
[Date "2016.03.13"]
[Round "7"]
[White "Kurze, Christoph"]
[Black "Himmel, Matthias"]
[Result "1/2-1/2"]
[WhiteElo "1851"]
[BlackElo "1564"]
[PlyCount "159"]
[EventDate "2016.??.??"]
[WhiteTeam "SV Ammern"]
[BlackTeam "SV Schmalkalden 04"]

1. e4 c5 2. Nf3 Nc6 3. d4 cxd4 4. Nxd4 g6 5. Be3 Bg7 6. Nc3 Nf6 7. Nb3 O-O 8.
f3 a5 9. a4 d5 10. exd5 Nb4 11. Qd2 Bf5 12. Nd4 Nfxd5 13. Nxf5 gxf5 14. Nxd5
Qxd5 15. Qxd5 Nxd5 16. Bd2 Rfc8 17. c3 Nb6 18. Bd3 e6 19. Ke2 Nc4 20. Bxc4 Rxc4
21. b3 Rc6 22. Rac1 Rd8 23. c4 Rxd2+ 24. Kxd2 Bh6+ 25. Kc3 Bxc1 26. Rxc1 Kf8
27. Rd1 Ke7 28. Rd4 h6 29. g4 fxg4 30. Rxg4 e5 31. Re4 Re6 32. c5 f5 33. Re2
Kd7 34. b4 axb4+ 35. Kxb4 e4 36. Kb5 e3 37. f4 Kc7 38. a5 Re7 39. h4 Re8 40. h5
Re7 41. c6 bxc6+ 42. Kc5 Kb7 43. a6+ Kxa6 44. Kxc6 Ka5 45. Kc5 Ka4 46. Kc4 Re4+
47. Kd3 Kb3 48. Re1 e2 49. Rb1+ Ka2 50. Re1 Kb2 51. Kd2 Rd4+ 52. Ke3 Re4+ 53.
Kd2 Kb3 54. Kd3 Kb4 55. Rb1+ Kc5 56. Rc1+ Kd5 57. Re1 Rd4+ 58. Ke3 Re4+ 59. Kd3
Rxf4 60. Rxe2 Rd4+ 61. Kc3 Rh4 62. Re8 Rxh5 63. Kd2 Rh4 64. Rd8+ Ke5 65. Ke3
Rh3+ 66. Kf2 h5 67. Rh8 Kf4 68. Kg2 Rh4 69. Rh7 Rg4+ 70. Kf2 h4 71. Rh5 Ke5 72.
Rh8 Ra4 73. Kf3 Ra3+ 74. Kf2 h3 75. Rh4 f4 76. Rh8 h2 77. Re8+ Kd6 78. Kg2 Ra2+
79. Kh1 Kd5 80. Re5+ 1/2-1/2

[Event "Landesklasse West 2015/2016"]
[Site "?"]
[Date "2016.03.13"]
[Round "7"]
[White "Röder, Detlef"]
[Black "Breuer, Harald"]
[Result "0-1"]
[WhiteElo "1644"]
[BlackElo "1868"]
[PlyCount "66"]
[EventDate "2016.??.??"]
[WhiteTeam "SV Schmalkalden 04"]
[BlackTeam "SV Ammern"]

1. e4 c5 2. c3 Nf6 3. e5 Nd5 4. d4 cxd4 5. cxd4 d6 6. exd6 Qxd6 7. Nc3 Nc6 8.
g3 g6 9. Bg2 Be6 10. a3 Bg7 11. Be3 O-O 12. Ne4 Qd8 13. Qd2 Nb6 14. Ne2 Nc4 15.
Qc3 Rc8 16. Nc5 Nxe3 17. fxe3 Bg4 18. Qd2 b6 19. Nd3 Na5 20. Nec1 Rc7 21. Nf2
Nc4 22. Qc3 Ne5 23. Qb3 Nf3+ 24. Bxf3 Bxf3 25. O-O Qc8 26. e4 Bg4 27. Nxg4 Qxg4
28. Rf4 Bxd4+ 29. Kg2 Qc8 30. Nd3 Rc2+ 31. Kh1 e5 32. Rf3 Re2 33. Raf1 Qh3 0-1

[Event "Landesklasse West 2015/2016"]
[Site "?"]
[Date "2016.03.13"]
[Round "7"]
[White "Salaske, Peter"]
[Black "Mann, Wolfgang"]
[Result "1/2-1/2"]
[WhiteElo "1830"]
[BlackElo "1568"]
[PlyCount "45"]
[EventDate "2016.??.??"]
[WhiteTeam "SV Ammern"]
[BlackTeam "SV Schmalkalden 04"]

1. e4 d5 2. e5 Bf5 3. d4 e6 4. c3 c5 5. Nf3 Nc6 6. Bd3 Bxd3 7. Qxd3 Qb6 8. O-O
Nge7 9. b3 cxd4 10. cxd4 Nf5 11. Bb2 Be7 12. Rd1 O-O 13. Nc3 Nb4 14. Qd2 Rfc8
15. Rac1 a5 16. Na4 Qd8 17. a3 Na6 18. Qd3 Rxc1 19. Rxc1 Qf8 20. Nb6 Rd8 21.
Ra1 Qe8 22. Rc1 Qf8 23. Ra1 1/2-1/2

[Event "Landesklasse West 2015/2016"]
[Site "?"]
[Date "2016.03.13"]
[Round "7"]
[White "Schmidt, Mark Andre"]
[Black "Hentrich, Jörg"]
[Result "0-1"]
[WhiteElo "1329"]
[BlackElo "1780"]
[PlyCount "44"]
[EventDate "2016.??.??"]
[WhiteTeam "SV Schmalkalden 04"]
[BlackTeam "SV Ammern"]

1. d4 Nf6 2. c4 g6 3. Nc3 Bg7 4. Nf3 d6 5. Bf4 O-O 6. h3 c5 7. dxc5 dxc5 8. e3
Qa5 9. Qc2 Nc6 10. a3 Ne4 11. Be5 Nxe5 12. Qxe4 Nxf3+ 13. Ke2 Ne5 14. f3 Bf5
15. Qh4 Bf6 16. Qe1 Nxc4 17. Ra2 Rad8 18. Kf2 Nxe3 19. Kxe3 Bd4+ 20. Ke2 Be6
21. Ne4 Qb5+ 22. Kd1 Qb3+ 0-1

[Event "Landesklasse West 2015/2016"]
[Site "?"]
[Date "2016.03.13"]
[Round "7"]
[White "Messerschmidt, Daniel"]
[Black "Rätsch, Heinz"]
[Result "1-0"]
[WhiteElo "1863"]
[BlackElo "2030"]
[PlyCount "65"]
[EventDate "2016.??.??"]
[WhiteTeam "SG Trusetal 92"]
[BlackTeam "Schachclub 1998 Gotha"]

1. c4 e5 2. Nc3 Nf6 3. g3 Be7 4. Bg2 O-O 5. d3 d6 6. Nf3 Nc6 7. O-O h6 8. Bd2
Be6 9. b4 Nxb4 10. Rb1 Na6 11. Rxb7 Nc5 12. Rb2 Rb8 13. Rxb8 Qxb8 14. Qc2 Qc8
15. Rb1 Bh3 16. Be3 Bxg2 17. Kxg2 Nfd7 18. Na4 f5 19. Nxc5 dxc5 20. Qa4 e4 21.
dxe4 fxe4 22. Nd2 Ne5 23. Qc2 Ng4 24. Qxe4 Nxe3+ 25. Qxe3 Re8 26. Nf3 Bf8 27.
Qd3 Qe6 28. Rb2 Qf6 29. Rd2 Bd6 30. Nh4 Rf8 31. e4 Be5 32. Qd5+ Kh8 33. Qxe5
1-0

[Event "Landesklasse West 2015/2016"]
[Site "?"]
[Date "2016.03.13"]
[Round "7"]
[White "Rockstuhl, Reiner"]
[Black "Messerschmidt, Nick"]
[Result "0-1"]
[WhiteElo "1805"]
[BlackElo "1936"]
[PlyCount "72"]
[EventDate "2016.??.??"]
[WhiteTeam "Schachclub 1998 Gotha"]
[BlackTeam "SG Trusetal 92"]

1. d4 d5 2. Nf3 c6 3. c4 e6 4. Nc3 Nf6 5. Bg5 h6 6. Bh4 dxc4 7. a4 Bb4 8. e3 b5
9. axb5 cxb5 10. Be2 Nbd7 11. O-O Qb6 12. Ne5 Bb7 13. f4 a6 14. Qc2 Rc8 15. Bf3
Be7 16. Bg3 h5 17. f5 Bxf3 18. Rxf3 h4 19. fxe6 Qxe6 20. Nxd7 Nxd7 21. Bf2 Rh6
22. e4 Qg4 23. h3 Qg6 24. Nd5 Bd6 25. Qe2 Kf8 26. e5 Bb8 27. Nf4 Qc6 28. d5 Qb7
29. Bd4 Re8 30. Raf1 Bxe5 31. Ne6+ Rhxe6 32. Rxf7+ Kg8 33. Bxe5 Rg6 34. R7f5
Qxd5 35. Rd1 Rxe5 36. Rxe5 Qxe5 0-1

[Event "Landesklasse West 2015/2016"]
[Site "?"]
[Date "2016.03.13"]
[Round "7"]
[White "Ribitzki, Mathias"]
[Black "Lutzkat, Ulrich"]
[Result "1/2-1/2"]
[WhiteElo "1761"]
[BlackElo "1930"]
[PlyCount "81"]
[EventDate "2016.??.??"]
[WhiteTeam "SG Trusetal 92"]
[BlackTeam "Schachclub 1998 Gotha"]

1. Nf3 g6 2. d4 Bg7 3. c4 Nf6 4. Nc3 O-O 5. e3 c5 6. Be2 cxd4 7. exd4 d5 8. c5
Nc6 9. O-O Ne4 10. Be3 Nxc3 11. bxc3 b6 12. cxb6 axb6 13. Qb3 Na5 14. Qb4 Ba6
15. Bxa6 Rxa6 16. Qb5 Qa8 17. Nd2 Rc8 18. Rfc1 Nc4 19. Nxc4 Rxc4 20. Qb2 Qc6
21. h3 Rca4 22. Qd2 e6 23. Rc2 Qc4 24. g3 b5 25. Kg2 Rc6 26. Rb1 Rc8 27. Rb3
Rxa2 28. Rxa2 Qxb3 29. Rb2 Qc4 30. Qd1 Bf8 31. Bd2 Ba3 32. Rb3 Be7 33. Qb1 Rb8
34. h4 h5 35. Bf4 Rb7 36. Qa2 Qc6 37. Qa8+ Kg7 38. Bh6+ Kh7 39. Bd2 Bf6 40. Ra3
Kg7 41. Ra6 1/2-1/2

[Event "Landesklasse West 2015/2016"]
[Site "?"]
[Date "2016.03.13"]
[Round "7"]
[White "Manger, Hans-Gerald"]
[Black "Willner, Holger"]
[Result "1/2-1/2"]
[WhiteElo "1806"]
[BlackElo "1779"]
[PlyCount "72"]
[EventDate "2016.??.??"]
[WhiteTeam "Schachclub 1998 Gotha"]
[BlackTeam "SG Trusetal 92"]

1. d4 d5 2. c4 e6 3. Nf3 c6 4. Nc3 Nf6 5. Bg5 Be7 6. e3 Ne4 7. Bxe7 Qxe7 8. Bd3
Nxc3 9. bxc3 Nd7 10. O-O e5 11. dxe5 dxc4 12. Bxc4 Nxe5 13. Nxe5 Qxe5 14. Qd4
Qxd4 15. cxd4 b5 16. Be2 Be6 17. Rfc1 Kd7 18. Rc5 a5 19. Bf3 Ra6 20. d5 Kd6 21.
Rac1 Bxd5 22. Bxd5 cxd5 23. Rxb5 a4 24. Rd1 Rc8 25. Rbxd5+ Ke6 26. Kf1 a3 27.
R5d3 Rc2 28. R1d2 Rxd2 29. Rxd2 Rb6 30. Ke2 Rb5 31. Kd3 Kd5 32. Rc2 Rb1 33. e4+
Ke5 34. f3 g5 35. Rc5+ Kf6 36. Rc3 Rb2 1/2-1/2